2018 World Cup 23 Man Roster - Morocco - Statistics

General Stats
  • This quiz has been taken 108 times
  • The average score is 13 of 23
Answer Stats
Hint Answer % Correct
Forward Hakim Ziyech
93%
Defender Achraf Hakimi
88%
Goalkeeper Yassine Bounou
86%
Defender Mehdi Benatia
82%
Forward Nordin Amrabat
75%
Midfielder Sofyan Amrabat
74%
Defender Romain Saiss
71%
Forward Youssef En Nesyri
61%
Midfielder Younes Belhanda
58%
Midfielder Mbark Boussoufa
55%
Defender Nabil Dirar
55%
Defender Manuel Da Costa
54%
Midfielder Amine Harit
51%
Midfielder Karim El Ahmadi
51%
Forward Khalid Boutaib
51%
Forward Ayoub El Kaabi
48%
Goalkeeper Ahmad Reda Tagnaouti
46%
Forward Aziz Bouhaddouz
45%
Midfielder Faycal Fajr
44%
Defender Hamza Mendyl
42%
Goalkeeper Mounir Mohamedi
38%
Forward Mehdi Carcela
25%
Midfielder Youssef Ait Bennasser
24%
No matching quizzes found
Score Distribution
Percent of People with Each Score
Percentile by Number Answered
Your Score History
You have not taken this quiz